| 000 | 00000nam##2200000za#4500 |
| 001 | 9.635358 |
| 003 | CaOODSP |
| 005 | 20210624220222 |
| 007 | cr ||||||||||| |
| 008 | 150407|2008||||xxc|||||o f|0| 0 fre|d |
| 020 | |a978-0-662-08950-6 |
| 040 | |aCaOODSP|bfre |
| 043 | |an-cn--- |
| 086 | 1 |aFs104-16/2008F-PDF |
| 110 | 1 |aCanada. |bMinistère des pêches et des océans. |
| 245 | 10|aZone de protection marine de l'estuaire de la Musquash |h[ressource électronique] |
| 260 | |bPêches et Océans Canada |cc2008. |
| 300 | |a2p.|bcarte en couleur, photographies |
| 590 | |a11-01-Supp|b2011-01-11 |
| 691 | 07|aAire marine de conservation|2gcpds |
| 775 | 08|tMusquash Estuary Marine Protected Area |w(CaOODSP)9.691016 |
| 776 | 0#|tZone de protection marine de l'estuaire de la Musquash |w(CaOODSP)9.684236 |
| 856 | 40|ahttp://publications.gc.ca|qPDF|s496 Ko|uhttps://publications.gc.ca/collections/collection_2010/mpo-dfo/Fs104-16-2008-fra.pdf |
| 986 | |aMPO/2008-1452 |